| 000 | 00536nam a2200205Ia 4500 | ||
|---|---|---|---|
| 005 | 20210907141733.0 | ||
| 008 | 131103s9999 xx 000 0 und d | ||
| 040 | _aLoreto College | ||
| 041 | _aEnglish | ||
| 082 |
_a320 _bJAN |
||
| 100 | _aJangam, R. T. | ||
| 245 |
_aTextbook of political sociology _cR. T. Jangam |
||
| 260 |
_aNew Delhi _bO.U.P. _c1993 |
||
| 300 | _a314p | ||
| 504 | _aIncludes bibliographical references and index | ||
| 650 | _aPolitices | ||
| 651 | _aPolitical Sociology | ||
| 850 | _aLCLIB | ||
| 942 | _cBK | ||
| 999 |
_c17217 _d67696 |
||